000
00356nam a2200145Ia 4500
008
240830s1995 xx 000 0 und d
041
_a
eng
082
_a
0 DAW
100
_a
DAWN C.S.
245
_a
TEXT BOOK OF OBSTERICS AND NEONATOLOGY
260
_b
DAWN BOOK , CALCUTTA 6
_c
1995
650
_a
GYANECOLOGY
906
_a
N.D.
999
_c
1195392
_d
1195392